| 000 | 00735nam a22001815i 4500 | ||
|---|---|---|---|
| 001 | 156515 | ||
| 003 | ES-MaACL | ||
| 005 | 20251005063122.0 | ||
| 008 | 040806s1879 fr abf |||| | fre d | ||
| 040 |
_aCAM _bspa _cCAM |
||
| 100 | 1 |
_aJurien de La Gravière, Edmond, _d1812-1892 _9164752 |
|
| 245 | 1 | 4 |
_aLes marins du XV\pe\s et du XVI\pe\s siécle / _cpar Jurien de la Gravière; ouvrage enrichi de cartes et de figures. |
| 260 |
_aParis : _bE. Plon et Cie., _c1879. |
||
| 300 |
_a2 v. (321 p., [17] h. de lám., [1] h. de map. pleg.; 344 p., [1] h. de map. pleg.) : _bil. ; _c19 cm. |
||
| 650 | 0 | 4 |
_aNavegación- _yS. XV-XVI. _9136587 |
| 852 |
_aES-MaACL _jF-6770-6771 _z-- Enc. pasta española |
||
| 999 |
_c156515 _d156515 |
||